ბათუმის შოთა რუსთაველის სახელმწიფო უნივერსიტეტის ბიბლიოთეკა

კონკურენციის ტერმინთა განმარტებითი ლექსიკონი = Glossary of Competition Terms / (ბიბ.ჩანაწერი № 61553)

000 -ლიდერი
ფიქსირებული სიგრძის საკონტროლო ველი 02039nam a22002777a 4500
003 - საკონტროლო ნომრის იდენტიფიკატორი
საკონტროლო ველი Ge_BSU
005 - ბოლო ოპერაციის თარიღი და დრო
საკონტროლო ველი 20240325112212.0
008 - ფიქსირებული სიგრძის მონაცემთა ელემენტები - ზოგადი ინფორმაცია
ფიქსირებული სიგრძის საკონტროლო ველი 240325s2023 ge ||||| |||| 00| 0 geo d
041 ## - ენის კოდი
Language code of text/sound track or separate title geo
080 ## - უნივერსალური ათობითი კლასიფიკაციის ინდექსი
Universal Decimal Classification number 339.137.27(038) კ-73
245 ## - ცნობა სათაურის შესახებ
Title კონკურენციის ტერმინთა განმარტებითი ლექსიკონი = Glossary of Competition Terms /
Statement of responsibility, etc შემდგენლები: ქეთი ზუკაკიშვილი, ქეთევან ლაფაჩი, იურატე სოვიენე, ლიანა ჯაფარიძე ; სამეცნ. რედ. ნოდარ ხადური
250 ## - გამოცემის ცნობა
Edition statement მე-2 გამოცემა.
264 ## - წარმოების, გამოცემის, დისტრიბუციის და სხვა ცნობები
გამოცემის, წარმოების, დისტრიბუციის... ადგილი თბილისი,
გამოცემის, წარმოების, დისტრიბუციის... თარიღი 2023.
300 ## - ფიზიკური აღწერა
Extent 200 გვ. ;
Other physical details 21 სმ.
500 ## - ზოგადი შენიშვნა
General note ეძღვნება სამეცნიერო რედაქტორის ნოდარ ხადურის ხსოვნას.
501 ## - შენიშვნა თანმხლებ მასალაზე
With note ანბანური საძიებელი (ინგლისურ-ქართული): გვ. 186-191.
504 ## - BIBLIOGRAPHY, ETC. NOTE
Bibliography, etc ბიბლიოგრაფია: გვ. 192-200.
653 ## - INDEX TERM--UNCONTROLLED
Uncontrolled term კონკურენციის ტერმინთა განმარტებითი ლექსიკონი = Glossary of Competition Terms
653 ## - INDEX TERM--UNCONTROLLED
Uncontrolled term კონკურენციის ტერმინთა ლექსიკონი
653 ## - INDEX TERM--UNCONTROLLED
Uncontrolled term ეკონომიკა
700 ## - ADDED ENTRY--PERSONAL NAME
Personal name ზუკაკიშვილი, ქეთი
Relator term შემდგენელი
9 (RLIN) 21557
700 ## - ADDED ENTRY--PERSONAL NAME
Personal name ლაფაჩი, ქეთევან
Relator term შემდგენელი და სხვ..
9 (RLIN) 21558
710 ## - ADDED ENTRY--CORPORATE NAME
Corporate name or jurisdiction name as entry element სახელმწიფო ენის დეპარტამენტი.
Subordinate unit პუბლიკაცია შექმნილია ევროკავშირის მხარდაჭერით
9 (RLIN) 21559
773 ## - HOST ITEM ENTRY
Title ნაჩუქარი
942 ## - ADDED ENTRY ELEMENTS (KOHA)
Source of classification or shelving scheme
Koha item type წიგნი
ეგზემპლარები
ჩამოწერის სტატუსი დაკარგული ეგზემპლარის სტატუსი კლასიფიკაციის წყარო ან თაროზე გაწყობის სქემა დაზიანების სტატუსი არ გაიცემა მუდმივი მდებარეობა (დაცვის ადგილი) ამჟამინდელი ადგილსამყოფელი თაროზე განთავსების ადგილი შეძენის თარიღი ღირებულება, შესყიდვის ნორმალური ფასი სრული შენახვის შიფრი შტრიხკოდი ბოლო ოპერაციის თარიღი ეგზემპლარის მიმდევრობითი ნომერი (კეტერი?) ფასის ძალაში შესვლის თარიღი ეგზემპლარის სახეობა საჯარო შენიშვნა
          ბათუმის შოთა რუსთაველის სახელმწიფო უნივერსიტეტის მთავარი ბიბლიოთეკა ბათუმის შოთა რუსთაველის სახელმწიფო უნივერსიტეტის მთავარი ბიბლიოთეკა წიგნსაცავი 2024-03-25 15.00 339.137.27(038) კ-73 67709 2024-03-25 67709 2024-03-25 წიგნი 15.00